000 00610nam a2200121Ia 4500
008 220620s9999||||xx |||||||||||||| ||und||
100 _aBryant, Michael S.
245 0 _aConfronting the "Good Death"
_bNazi Euthanasia on Trial, 1945-1953
546 _aEnglish[eng]
650 _aHistory||Aktion T4||Berlin||Euthanasia||Hadamar||Mental disorder||Nazism||United States||War crime
856 _uhttps://library.oapen.org/bitstream/20.500.12657/31794/1/625241.pdf||https://library.oapen.org/bitstream/20.500.12657/31794/1/625241.pdf||https://library.oapen.org/bitstream/20.500.12657/31794/1/625241.pdf
942 _cEB
999 _c31420
_d31420